| 000 | 00443nam a22001577a 4500 | ||
|---|---|---|---|
| 020 | _a0 09 126950 4 | ||
| 082 | _a940.532 092 4 HAR | ||
| 100 | _aHarriman, W. Averell | ||
| 245 | _aSpecial Envoy to Churchill and Stalin 1941-1946 | ||
| 260 |
_aLondon _bHutchinson of London _c1976 |
||
| 300 |
_axii,595Pg _b24cm |
||
| 500 | _aInclude Index | ||
| 650 | _aSpecial Envoy to Churchill and Stalin 1941-1946 | ||
| 700 | _aAbel, Elie | ||
| 942 | _cBK | ||
| 999 |
_c18438 _d18438 |
||